[Event "DEM U18w 2025"]
[Site "Willingen GER"]
[Date "2025.06.14"]
[Round "9"]
[White "Heidemann, Nora"]
[Black "Fischer, Darja"]
[Result "1/2-1/2"]
[Termination "normal"]
[Board "1"]
[WhiteElo "1851"]
[BlackElo "1965"]
[WhiteClock "00:57:44"]
[BlackClock "00:04:57"]
[PlyCount "114"]
[WhiteFideId "34609253"]
[BlackFideId "16240898"]
[EventCountry "GER"]
[EventRounds "9"]
[EventType "swiss"]
[EventDate "2025.06.07"]

1. c4 {[%clk 01:30:58]} {[%emt 00:00:02]} e5 {[%clk 01:30:57]} {[%emt
00:00:05]} 2. g3 {[%clk 01:31:22]} {[%emt 00:00:05]} Nf6 {[%clk 01:31:22]}
{[%emt 00:00:05]} 3. Bg2 {[%clk 01:31:48]} {[%emt 00:00:04]} d5 {[%clk
01:31:46]} {[%emt 00:00:06]} 4. cxd5 {[%clk 01:32:14]} {[%emt 00:00:04]} Nxd5
{[%clk 01:32:12]} {[%emt 00:00:04]} 5. Nc3 {[%clk 01:32:39]} {[%emt 00:00:04]}
Nb6 {[%clk 01:32:37]} {[%emt 00:00:05]} 6. Nf3 {[%clk 01:33:05]} {[%emt
00:00:04]} Nc6 {[%clk 01:33:02]} {[%emt 00:00:04]} 7. O-O {[%clk 01:33:30]}
{[%emt 00:00:05]} Be7 {[%clk 01:33:22]} {[%emt 00:00:09]} 8. d3 {[%clk
01:33:56]} {[%emt 00:00:05]} O-O {[%clk 01:33:29]} {[%emt 00:00:23]} 9. Be3
{[%clk 01:34:22]} {[%emt 00:00:04]} f5 {[%clk 01:30:24]} {[%emt 00:03:35]} 10.
Qb3+ {[%clk 01:30:07]} {[%emt 00:04:44]} Kh8 {[%clk 01:30:46]} {[%emt
00:00:08]} 11. Rac1 {[%clk 01:26:27]} {[%emt 00:04:10]} Bf6 {[%clk 01:17:19]}
{[%emt 00:13:57]} 12. Rfd1 {[%clk 01:24:44]} {[%emt 00:02:13]} Nd4 {[%clk
01:13:11]} {[%emt 00:04:40]} 13. Bxd4 {[%clk 01:20:12]} {[%emt 00:05:00]} exd4
{[%clk 01:12:12]} {[%emt 00:01:30]} 14. Na4 {[%clk 01:17:58]} {[%emt 00:02:44]}
Nxa4 {[%clk 01:04:15]} {[%emt 00:08:27]} 15. Qxa4 {[%clk 01:18:13]} {[%emt
00:00:15]} Bd7 {[%clk 00:53:40]} {[%emt 00:11:04]} 16. Qb4 {[%clk 01:09:04]}
{[%emt 00:09:39]} Bc6 {[%clk 00:52:40]} {[%emt 00:01:30]} 17. Rc2 {[%clk
01:03:51]} {[%emt 00:05:43]} Re8 {[%clk 00:44:36]} {[%emt 00:08:34]} 18. Rdc1
{[%clk 01:00:51]} {[%emt 00:03:31]} Qd7 {[%clk 00:41:06]} {[%emt 00:04:00]} 19.
Ne1 {[%clk 00:58:56]} {[%emt 00:02:25]} Re6 {[%clk 00:25:38]} {[%emt 00:15:58]}
20. Bxc6 {[%clk 00:58:34]} {[%emt 00:00:54]} bxc6 {[%clk 00:26:07]} 21. Qb7
{[%clk 00:58:36]} {[%emt 00:00:27]} Rae8 {[%clk 00:23:45]} {[%emt 00:02:53]}
22. Qxa7 {[%clk 00:57:38]} {[%emt 00:01:28]} Bg5 {[%clk 00:22:12]} {[%emt
00:02:02]} 23. f4 {[%clk 00:54:47]} {[%emt 00:03:21]} Bh6 {[%clk 00:16:36]}
{[%emt 00:06:07]} 24. Nf3 {[%clk 00:53:47]} {[%emt 00:01:29]} Rxe2 {[%clk
00:14:28]} {[%emt 00:02:38]} 25. Rxe2 {[%clk 00:53:17]} {[%emt 00:01:00]} Rxe2
{[%clk 00:14:57]} {[%emt 00:00:01]} 26. Ne5 {[%clk 00:52:37]} {[%emt 00:01:10]}
Qe8 {[%clk 00:12:35]} {[%emt 00:02:52]} 27. Qxd4 {[%clk 00:52:31]} {[%emt
00:00:35]} Rxe5 {[%clk 00:12:19]} {[%emt 00:00:46]} 28. fxe5 {[%clk 00:51:18]}
{[%emt 00:01:44]} Bxc1 {[%clk 00:12:40]} {[%emt 00:00:08]} 29. a4 {[%clk
00:50:29]} {[%emt 00:01:19]} h6 {[%clk 00:10:07]} {[%emt 00:03:03]} 30. a5
{[%clk 00:49:05]} {[%emt 00:01:54]} Bd2 {[%clk 00:09:44]} {[%emt 00:00:53]} 31.
b4 {[%clk 00:48:06]} {[%emt 00:01:29]} Qb8 {[%clk 00:07:01]} {[%emt 00:03:13]}
32. a6 {[%clk 00:47:36]} {[%emt 00:01:00]} Bxb4 {[%clk 00:06:28]} {[%emt
00:01:02]} 33. a7 {[%clk 00:47:48]} {[%emt 00:00:18]} Qa8 {[%clk 00:06:14]}
{[%emt 00:00:44]} 34. Qxb4 {[%clk 00:44:49]} Qxa7+ {[%clk 00:06:44]} 35. d4
{[%clk 00:44:40]} {[%emt 00:00:38]} c5 {[%clk 00:07:07]} {[%emt 00:00:08]} 36.
dxc5 {[%clk 00:42:54]} {[%emt 00:02:16]} Qa1+ {[%clk 00:07:29]} {[%emt
00:00:08]} 37. Kf2 {[%clk 00:41:47]} {[%emt 00:01:37]} Qxe5 {[%clk 00:07:58]}
{[%emt 00:00:02]} 38. Qb8+ {[%clk 00:41:22]} {[%emt 00:00:54]} Kh7 {[%clk
00:08:21]} {[%emt 00:00:07]} 39. Qf8 {[%clk 00:41:36]} {[%emt 00:00:15]} Kg6
{[%clk 00:08:08]} {[%emt 00:00:44]} 40. Kg2 {[%clk 00:39:02]} {[%emt 00:03:03]}
Qe4+ {[%clk 00:05:47]} {[%emt 00:02:51]} 41. Kf2 {[%clk 00:38:24]} {[%emt
00:01:08]} Qd4+ {[%clk 00:03:06]} {[%emt 00:03:13]} 42. Kg2 {[%clk 00:38:20]}
{[%emt 00:00:33]} Qf6 {[%clk 00:01:32]} {[%emt 00:02:04]} 43. Qe8+ {[%clk
00:37:51]} {[%emt 00:00:58]} Kh7 {[%clk 00:01:28]} {[%emt 00:00:35]} 44. Qb5
{[%clk 00:36:52]} {[%emt 00:01:28]} Qe5 {[%clk 00:30:18]} {[%emt 00:01:41]} 45.
Kf2 {[%clk 01:06:02]} {[%emt 00:01:21]} g5 {[%clk 00:27:40]} {[%emt 00:03:08]}
46. Qd7+ {[%clk 01:04:58]} {[%emt 00:01:34]} Kg6 {[%clk 00:28:09]} 47. c6
{[%clk 01:03:47]} {[%emt 00:01:42]} f4 {[%clk 00:26:02]} {[%emt 00:02:37]} 48.
g4 {[%clk 01:02:36]} {[%emt 00:01:41]} Qe3+ {[%clk 00:25:58]} {[%emt 00:00:34]}
49. Kf1 {[%clk 01:02:58]} {[%emt 00:00:06]} Qe5 {[%clk 00:22:42]} {[%emt
00:03:48]} 50. Qd3+ {[%clk 01:01:41]} {[%emt 00:01:46]} Kf6 {[%clk 00:21:17]}
{[%emt 00:01:56]} 51. Qd8+ {[%clk 01:00:11]} {[%emt 00:01:59]} Qe7 {[%clk
00:19:13]} {[%emt 00:02:35]} 52. Qd4+ {[%clk 00:58:18]} {[%emt 00:02:23]} Ke6
{[%clk 00:17:27]} {[%emt 00:02:17]} 53. Qe4+ {[%clk 00:58:12]} {[%emt
00:00:35]} Kd6 {[%clk 00:17:27]} {[%emt 00:00:31]} 54. Qb4+ {[%clk 00:58:36]}
{[%emt 00:00:06]} Ke6 {[%clk 00:17:10]} {[%emt 00:00:47]} 55. Qe4+ {[%clk
00:58:43]} {[%emt 00:00:22]} Kf6 {[%clk 00:15:24]} {[%emt 00:02:16]} 56. Qd4+
{[%clk 00:57:33]} {[%emt 00:01:40]} Kf7 {[%clk 00:14:09]} {[%emt 00:01:46]} 57.
Qh8 {[%clk 00:57:44]} {[%emt 00:00:19]} Kg6 {[%clk 00:04:57]} {[%emt 00:09:44]}
1/2-1/2

[Event "DEM U18w 2025"]
[Site "Willingen GER"]
[Date "2025.06.14"]
[Round "9"]
[White "Sereda, Yaroslava"]
[Black "Bräutigam, Katerina"]
[Result "0-1"]
[Termination "normal"]
[Board "2"]
[WhiteTitle "WFM"]
[BlackTitle "WFM"]
[WhiteElo "2107"]
[BlackElo "2095"]
[WhiteClock "00:33:50"]
[BlackClock "00:05:58"]
[PlyCount "96"]
[WhiteFideId "14178940"]
[BlackFideId "16242980"]
[EventCountry "GER"]
[EventRounds "9"]
[EventType "swiss"]
[EventDate "2025.06.07"]

1. e4 {[%clk 01:30:58]} {[%emt 00:00:02]} e5 {[%clk 01:30:57]} {[%emt
00:00:03]} 2. Nf3 {[%clk 01:31:19]} {[%emt 00:00:11]} Nc6 {[%clk 01:31:22]}
{[%emt 00:00:03]} 3. Bb5 {[%clk 01:31:05]} {[%emt 00:00:44]} Nge7 {[%clk
01:31:45]} {[%emt 00:00:07]} 4. c3 {[%clk 01:30:45]} {[%emt 00:00:50]} a6
{[%clk 01:31:39]} {[%emt 00:00:36]} 5. Ba4 {[%clk 01:27:58]} {[%emt 00:03:16]}
Ng6 {[%clk 01:32:01]} {[%emt 00:00:08]} 6. d4 {[%clk 01:23:02]} {[%emt
00:05:27]} d5 {[%clk 01:22:00]} {[%emt 00:10:31]} 7. exd5 {[%clk 00:57:19]}
{[%emt 00:26:13]} Qxd5 {[%clk 01:21:29]} {[%emt 00:01:00]} 8. O-O {[%clk
00:55:40]} {[%emt 00:02:09]} Bg4 {[%clk 01:10:33]} {[%emt 00:11:25]} 9. Bb3
{[%clk 00:52:44]} {[%emt 00:03:26]} Qd7 {[%clk 01:05:54]} {[%emt 00:05:09]} 10.
h3 {[%clk 00:48:24]} {[%emt 00:04:51]} Bxf3 {[%clk 01:03:15]} {[%emt 00:03:08]}
11. Qxf3 {[%clk 00:48:50]} {[%emt 00:00:05]} Bd6 {[%clk 00:59:35]} {[%emt
00:04:10]} 12. dxe5 {[%clk 00:30:39]} {[%emt 00:18:42]} Ngxe5 {[%clk 00:58:42]}
{[%emt 00:01:22]} 13. Qd5 {[%clk 00:29:19]} {[%emt 00:01:50]} O-O {[%clk
00:54:06]} {[%emt 00:05:07]} 14. Be3 {[%clk 00:26:32]} {[%emt 00:03:18]} Rad8
{[%clk 00:41:34]} {[%emt 00:13:00]} 15. Nd2 {[%clk 00:26:02]} {[%emt 00:01:01]}
Nd3 {[%clk 00:37:27]} {[%emt 00:04:36]} 16. Kh1 {[%clk 00:19:29]} {[%emt
00:07:05]} Nxb2 {[%clk 00:27:42]} {[%emt 00:10:14]} 17. Rab1 {[%clk 00:11:34]}
{[%emt 00:08:25]} Ba3 {[%clk 00:26:32]} {[%emt 00:01:40]} 18. Qh5 {[%clk
00:11:17]} {[%emt 00:00:47]} b5 {[%clk 00:17:23]} {[%emt 00:09:38]} 19. Ne4
{[%clk 00:09:34]} {[%emt 00:02:13]} Rde8 {[%clk 00:10:52]} {[%emt 00:07:00]}
20. Bc2 {[%clk 00:01:44]} {[%emt 00:08:20]} f5 {[%clk 00:09:20]} {[%emt
00:02:02]} 21. Ng5 {[%clk 00:01:27]} {[%emt 00:00:48]} g6 {[%clk 00:04:12]}
{[%emt 00:05:38]} 22. Qh4 {[%clk 00:01:13]} {[%emt 00:00:45]} Nc4 {[%clk
00:03:44]} {[%emt 00:00:58]} 23. Bb3 {[%clk 00:01:33]} {[%emt 00:00:09]} N6a5
{[%clk 00:03:41]} {[%emt 00:00:32]} 24. Rbd1 {[%clk 00:01:26]} {[%emt
00:00:38]} Qe7 {[%clk 00:02:11]} {[%emt 00:02:00]} 25. Rd3 {[%clk 00:00:37]}
{[%emt 00:01:19]} Bd6 {[%clk 00:01:51]} {[%emt 00:00:50]} 26. Bd4 {[%clk
00:00:44]} {[%emt 00:00:24]} f4 {[%clk 00:01:10]} {[%emt 00:01:11]} 27. Qh6
{[%clk 00:00:45]} {[%emt 00:00:29]} c5 {[%clk 00:00:36]} {[%emt 00:01:04]} 28.
Ne6 {[%clk 00:00:35]} {[%emt 00:00:41]} Rf7 {[%clk 00:00:37]} {[%emt 00:00:28]}
29. Ng5 {[%clk 00:00:41]} {[%emt 00:00:25]} Rf5 {[%clk 00:00:42]} {[%emt
00:00:25]} 30. Ne4 {[%clk 00:00:37]} {[%emt 00:00:34]} cxd4 {[%clk 00:00:42]}
{[%emt 00:00:30]} 31. Nxd6 {[%clk 00:00:53]} {[%emt 00:00:14]} Qxd6 {[%clk
00:01:02]} {[%emt 00:00:08]} 32. Rxd4 {[%clk 00:01:10]} {[%emt 00:00:14]} Qf6
{[%clk 00:00:35]} {[%emt 00:00:58]} 33. Rfd1 {[%clk 00:01:15]} {[%emt
00:00:25]} Qg7 {[%clk 00:00:34]} {[%emt 00:00:31]} 34. Qh4 {[%clk 00:01:34]}
{[%emt 00:00:12]} Qe7 {[%clk 00:00:34]} {[%emt 00:00:29]} 35. Qh6 {[%clk
00:01:30]} {[%emt 00:00:33]} Qg5 {[%clk 00:00:37]} {[%emt 00:00:26]} 36. Qxg5
{[%clk 00:01:35]} {[%emt 00:00:26]} Rxg5 {[%clk 00:01:06]} 37. Rxf4 {[%clk
00:01:54]} {[%emt 00:00:11]} Rge5 {[%clk 00:00:38]} {[%emt 00:00:58]} 38. Kh2
{[%clk 00:02:06]} {[%emt 00:00:18]} Rf8 {[%clk 00:00:36]} {[%emt 00:00:33]} 39.
Rxf8+ Kxf8 {[%clk 00:01:04]} 40. Rd8+ {[%clk 00:02:42]} {[%emt 00:00:01]} Re8
{[%clk 00:01:09]} {[%emt 00:00:25]} 41. Rd7 {[%clk 00:03:02]} {[%emt 00:00:11]}
Re7 {[%clk 00:01:27]} {[%emt 00:00:12]} 42. Rd8+ {[%clk 00:03:24]} {[%emt
00:00:08]} Kg7 {[%clk 00:10:35]} {[%emt 00:21:21]} 43. Ra8 {[%clk 00:33:02]}
{[%emt 00:00:52]} Nxb3 {[%clk 00:07:24]} {[%emt 00:03:41]} 44. axb3 {[%clk
00:33:31]} {[%emt 00:00:02]} Nd2 {[%clk 00:07:36]} {[%emt 00:00:16]} 45. Rxa6
{[%clk 00:33:51]} {[%emt 00:00:12]} Nxb3 {[%clk 00:06:58]} {[%emt 00:01:08]}
46. Ra3 {[%clk 00:33:23]} {[%emt 00:00:58]} Nd2 {[%clk 00:05:54]} {[%emt
00:01:32]} 47. Ra5 {[%clk 00:33:39]} {[%emt 00:00:15]} Rb7 {[%clk 00:06:08]}
{[%emt 00:00:14]} 48. f3 {[%clk 00:33:50]} {[%emt 00:00:21]} Nb1 {[%clk
00:05:58]} {[%emt 00:00:39]} 0-1

[Event "DEM U18w 2025"]
[Site "Willingen GER"]
[Date "2025.06.14"]
[Round "9"]
[White "Wilmink, Anna"]
[Black "Fock, Madiha"]
[Result "1-0"]
[Termination "normal"]
[Board "3"]
[WhiteTitle "WCM"]
[WhiteElo "1995"]
[BlackElo "1830"]
[WhiteClock "00:07:36"]
[BlackClock "00:08:22"]
[PlyCount "67"]
[WhiteFideId "16273680"]
[BlackFideId "16253574"]
[EventCountry "GER"]
[EventRounds "9"]
[EventType "swiss"]
[EventDate "2025.06.07"]

1. e4 {[%clk 01:30:59]} {[%emt 00:00:01]} c5 {[%clk 01:30:53]} {[%emt
00:00:07]} 2. Nf3 {[%clk 01:31:25]} {[%emt 00:00:05]} d6 {[%clk 01:31:19]}
{[%emt 00:00:04]} 3. d4 {[%clk 01:31:46]} {[%emt 00:00:10]} cxd4 {[%clk
01:31:43]} {[%emt 00:00:06]} 4. Nxd4 {[%clk 01:32:09]} {[%emt 00:00:07]} Nf6
{[%clk 01:32:05]} {[%emt 00:00:08]} 5. Nc3 {[%clk 01:32:32]} {[%emt 00:00:08]}
a6 {[%clk 01:32:30]} {[%emt 00:00:05]} 6. Bg5 {[%clk 01:32:57]} {[%emt
00:00:04]} Nbd7 {[%clk 01:32:50]} {[%emt 00:00:10]} 7. Be3 {[%clk 01:33:16]}
{[%emt 00:00:10]} e6 {[%clk 01:30:59]} {[%emt 00:02:22]} 8. g4 {[%clk
01:33:39]} {[%emt 00:00:08]} h6 {[%clk 01:28:52]} {[%emt 00:02:35]} 9. a4
{[%clk 01:34:01]} {[%emt 00:00:08]} b6 {[%clk 01:24:12]} {[%emt 00:05:10]} 10.
h4 {[%clk 01:33:50]} {[%emt 00:00:41]} Bb7 {[%clk 01:17:44]} {[%emt 00:06:57]}
11. Bg2 {[%clk 01:33:37]} {[%emt 00:00:43]} Ne5 {[%clk 01:10:00]} {[%emt
00:08:15]} 12. g5 {[%clk 01:29:34]} {[%emt 00:04:33]} hxg5 {[%clk 01:08:18]}
{[%emt 00:02:12]} 13. hxg5 {[%clk 01:29:54]} {[%emt 00:00:10]} Rxh1+ {[%clk
01:07:41]} {[%emt 00:01:07]} 14. Bxh1 {[%clk 01:30:18]} {[%emt 00:00:06]} Nfd7
{[%clk 01:06:27]} {[%emt 00:01:44]} 15. Qe2 {[%clk 01:26:18]} {[%emt 00:04:30]}
Rc8 {[%clk 01:03:41]} {[%emt 00:03:15]} 16. O-O-O {[%clk 01:20:33]} {[%emt
00:06:15]} Rxc3 {[%clk 00:58:03]} {[%emt 00:06:08]} 17. bxc3 {[%clk 01:20:09]}
{[%emt 00:00:54]} Qc7 {[%clk 00:56:07]} {[%emt 00:02:26]} 18. Kd2 {[%clk
01:06:50]} {[%emt 00:13:50]} Nc4+ {[%clk 00:52:06]} {[%emt 00:04:30]} 19. Ke1
{[%clk 01:06:49]} {[%emt 00:00:31]} Nb2 {[%clk 00:51:54]} {[%emt 00:00:42]} 20.
Rc1 {[%clk 01:02:16]} {[%emt 00:05:04]} Nxa4 {[%clk 00:48:52]} {[%emt
00:03:31]} 21. g6 {[%clk 00:58:57]} {[%emt 00:03:49]} Nf6 {[%clk 00:42:32]}
{[%emt 00:06:50]} 22. gxf7+ {[%clk 00:55:02]} {[%emt 00:04:25]} Kxf7 {[%clk
00:41:16]} {[%emt 00:01:45]} 23. f3 {[%clk 00:50:44]} {[%emt 00:04:48]} Nxc3
{[%clk 00:36:17]} {[%emt 00:05:29]} 24. Qd3 {[%clk 00:47:39]} {[%emt 00:03:35]}
d5 {[%clk 00:31:15]} {[%emt 00:05:32]} 25. e5 {[%clk 00:43:49]} {[%emt
00:04:21]} Nd7 {[%clk 00:30:54]} {[%emt 00:00:50]} 26. Nxe6 {[%clk 00:37:21]}
{[%emt 00:06:58]} Qxe5 {[%clk 00:22:29]} {[%emt 00:08:57]} 27. Nd8+ {[%clk
00:32:53]} {[%emt 00:04:56]} Kg8 {[%clk 00:22:53]} {[%emt 00:00:07]} 28. Nxb7
{[%clk 00:33:02]} {[%emt 00:00:21]} Bb4 {[%clk 00:21:14]} {[%emt 00:02:09]} 29.
Kf2 {[%clk 00:28:38]} {[%emt 00:04:53]} Qc7 {[%clk 00:19:35]} {[%emt 00:02:10]}
30. Qd4 {[%clk 00:19:48]} {[%emt 00:09:20]} Be7 {[%clk 00:15:10]} {[%emt
00:04:54]} 31. f4 {[%clk 00:11:19]} {[%emt 00:08:59]} Bh4+ {[%clk 00:12:31]}
{[%emt 00:03:09]} 32. Kf1 {[%clk 00:10:59]} {[%emt 00:00:50]} Nf6 {[%clk
00:11:42]} {[%emt 00:01:19]} 33. Nd6 {[%clk 00:07:54]} {[%emt 00:03:36]} Na2
{[%clk 00:08:22]} {[%emt 00:03:49]} 34. Bxd5+ {[%clk 00:07:36]} {[%emt
00:00:48]} 1-0

[Event "DEM U18w 2025"]
[Site "Willingen GER"]
[Date "2025.06.14"]
[Round "9"]
[White "Neumann, Helena"]
[Black "Jacobasch, Ronja"]
[Result "1-0"]
[Termination "normal"]
[Board "4"]
[WhiteTitle "WFM"]
[WhiteElo "2017"]
[BlackElo "1861"]
[WhiteClock "00:28:33"]
[BlackClock "00:06:37"]
[PlyCount "114"]
[WhiteFideId "16275365"]
[BlackFideId "34604340"]
[EventCountry "GER"]
[EventRounds "9"]
[EventType "swiss"]
[EventDate "2025.06.07"]

1. e4 {[%clk 01:30:59]} {[%emt 12:07:46]} d6 {[%clk 01:30:52]} {[%emt
00:00:08]} 2. d4 {[%clk 01:31:24]} {[%emt 00:00:05]} Nf6 {[%clk 01:31:15]}
{[%emt 00:00:08]} 3. Nc3 {[%clk 01:31:50]} {[%emt 00:00:05]} g6 {[%clk
01:31:39]} {[%emt 00:00:05]} 4. Be3 {[%clk 01:32:16]} {[%emt 00:00:04]} c6
{[%clk 01:31:58]} {[%emt 00:00:11]} 5. Qd2 {[%clk 01:32:40]} {[%emt 00:00:06]}
b5 {[%clk 01:30:29]} {[%emt 00:01:59]} 6. f3 {[%clk 01:31:55]} {[%emt
00:01:15]} Nbd7 {[%clk 01:28:56]} {[%emt 00:02:03]} 7. O-O-O {[%clk 01:29:46]}
{[%emt 00:02:39]} Bb7 {[%clk 01:24:22]} {[%emt 00:05:04]} 8. g4 {[%clk
01:22:39]} {[%emt 00:07:37]} Nb6 {[%clk 01:21:42]} {[%emt 00:03:10]} 9. g5
{[%clk 01:18:06]} {[%emt 00:05:02]} Nfd7 {[%clk 01:16:28]} {[%emt 00:05:45]}
10. e5 {[%clk 01:16:38]} {[%emt 00:01:58]} d5 {[%clk 01:06:41]} {[%emt
00:10:17]} 11. e6 {[%clk 01:13:09]} {[%emt 00:03:59]} fxe6 {[%clk 01:02:56]}
{[%emt 00:04:14]} 12. h4 {[%clk 01:08:54]} {[%emt 00:04:45]} Bg7 {[%clk
00:48:27]} {[%emt 00:14:59]} 13. h5 {[%clk 01:04:21]} {[%emt 00:05:02]} Qc7
{[%clk 00:41:50]} {[%emt 00:07:08]} 14. Bf4 {[%clk 00:57:08]} {[%emt 00:07:42]}
e5 {[%clk 00:39:16]} {[%emt 00:03:05]} 15. h6 {[%clk 00:57:08]} {[%emt
00:00:29]} Bf8 {[%clk 00:36:50]} {[%emt 00:02:56]} 16. dxe5 {[%clk 00:57:31]}
{[%emt 00:00:07]} e6 {[%clk 00:28:31]} {[%emt 00:08:50]} 17. Bh3 {[%clk
00:50:49]} {[%emt 00:07:12]} b4 {[%clk 00:27:21]} {[%emt 00:01:40]} 18. Nce2
{[%clk 00:50:04]} {[%emt 00:01:15]} Nc4 {[%clk 00:26:45]} {[%emt 00:01:06]} 19.
Qe1 {[%clk 00:48:13]} {[%emt 00:02:20]} Nc5 {[%clk 00:23:14]} {[%emt 00:04:01]}
20. b3 {[%clk 00:30:56]} {[%emt 00:17:48]} Na3 {[%clk 00:20:27]} {[%emt
00:03:17]} 21. Nd4 {[%clk 00:29:40]} {[%emt 00:01:46]} Bc8 {[%clk 00:19:38]}
{[%emt 00:01:20]} 22. Qe3 {[%clk 00:25:13]} {[%emt 00:04:56]} Bd7 {[%clk
00:19:12]} {[%emt 00:00:56]} 23. Nge2 {[%clk 00:24:34]} {[%emt 00:01:10]} Qa5
{[%clk 00:18:18]} {[%emt 00:01:24]} 24. Kd2 {[%clk 00:22:49]} {[%emt 00:02:15]}
Nb5 {[%clk 00:17:43]} {[%emt 00:01:05]} 25. Nxb5 {[%clk 00:22:05]} {[%emt
00:01:15]} Qxb5 {[%clk 00:17:53]} {[%emt 00:00:20]} 26. Nd4 {[%clk 00:22:19]}
{[%emt 00:00:15]} Qa6 {[%clk 00:17:37]} {[%emt 00:00:46]} 27. Ke1 {[%clk
00:21:27]} {[%emt 00:02:14]} Qxa2 {[%clk 00:16:28]} {[%emt 00:03:37]} 28. Kf2
{[%clk 00:20:42]} {[%emt 00:01:15]} Qa6 {[%clk 00:15:51]} {[%emt 00:01:07]} 29.
Ra1 {[%clk 00:20:53]} {[%emt 00:00:18]} Qb7 {[%clk 00:15:34]} {[%emt 00:00:46]}
30. Ra5 {[%clk 00:17:51]} {[%emt 00:03:32]} Qc7 {[%clk 00:11:16]} {[%emt
00:04:48]} 31. Rha1 {[%clk 00:16:47]} {[%emt 00:01:34]} Be7 {[%clk 00:10:20]}
{[%emt 00:01:26]} 32. Bg3 {[%clk 00:16:00]} {[%emt 00:01:17]} O-O {[%clk
00:09:20]} {[%emt 00:01:30]} 33. f4 {[%clk 00:14:48]} {[%emt 00:01:43]} Ne4+
{[%clk 00:05:22]} {[%emt 00:04:29]} 34. Kg2 {[%clk 00:14:37]} {[%emt 00:00:40]}
Bc5 {[%clk 00:02:54]} {[%emt 00:02:58]} 35. Kh2 {[%clk 00:10:53]} {[%emt
00:04:14]} Bxd4 {[%clk 00:03:04]} {[%emt 00:00:20]} 36. Qxd4 {[%clk 00:11:13]}
{[%emt 00:00:09]} c5 {[%clk 00:02:57]} {[%emt 00:00:38]} 37. Qd3 {[%clk
00:11:27]} {[%emt 00:00:15]} Rf7 {[%clk 00:01:36]} {[%emt 00:01:52]} 38. Ra6
{[%clk 00:11:24]} {[%emt 00:00:33]} Re7 {[%clk 00:01:25]} {[%emt 00:00:42]} 39.
Bg2 {[%clk 00:10:05]} {[%emt 00:01:48]} Nc3 {[%clk 00:01:27]} {[%emt 00:00:28]}
40. R6a5 {[%clk 00:08:58]} {[%emt 00:01:37]} Kf7 {[%clk 00:00:47]} {[%emt
00:01:10]} 41. Bf2 {[%clk 00:04:26]} {[%emt 00:05:00]} Rb8 {[%clk 00:13:57]}
{[%emt 00:17:20]} 42. Bxc5 {[%clk 00:33:34]} {[%emt 00:01:22]} Bb5 {[%clk
00:10:29]} {[%emt 00:03:58]} 43. Qe3 {[%clk 00:31:13]} {[%emt 00:02:50]} d4
{[%clk 00:08:05]} {[%emt 00:02:54]} 44. Qxd4 {[%clk 00:30:48]} {[%emt
00:00:57]} Rd7 {[%clk 00:07:16]} {[%emt 00:01:19]} 45. Rxa7 {[%clk 00:28:59]}
{[%emt 00:02:18]} Rxd4 {[%clk 00:05:46]} {[%emt 00:02:00]} 46. Rxc7+ {[%clk
00:28:57]} {[%emt 00:00:31]} Rd7 {[%clk 00:06:10]} {[%emt 00:00:08]} 47. Rxd7+
{[%clk 00:29:20]} {[%emt 00:00:06]} Bxd7 {[%clk 00:06:36]} {[%emt 00:00:04]}
48. Ra7 {[%clk 00:29:44]} {[%emt 00:00:06]} Ke8 {[%clk 00:06:27]} {[%emt
00:00:39]} 49. Bd6 {[%clk 00:30:04]} {[%emt 00:00:10]} Rd8 {[%clk 00:06:08]}
{[%emt 00:00:50]} 50. Bxb4 {[%clk 00:29:14]} {[%emt 00:01:20]} Nb5 {[%clk
00:05:39]} {[%emt 00:00:59]} 51. Ra8 {[%clk 00:28:52]} {[%emt 00:00:52]} Nd4
{[%clk 00:05:51]} {[%emt 00:00:19]} 52. Rxd8+ {[%clk 00:28:59]} {[%emt
00:00:23]} Kxd8 {[%clk 00:06:17]} {[%emt 00:00:03]} 53. Be4 {[%clk 00:29:22]}
{[%emt 00:00:07]} Nf5 {[%clk 00:05:46]} {[%emt 00:01:02]} 54. Bc5 {[%clk
00:28:37]} {[%emt 00:01:14]} Kc7 {[%clk 00:06:06]} {[%emt 00:00:11]} 55. c4
{[%clk 00:28:23]} {[%emt 00:00:43]} Bc6 {[%clk 00:06:09]} {[%emt 00:00:27]} 56.
Bxc6 {[%clk 00:28:10]} {[%emt 00:00:43]} Kxc6 {[%clk 00:06:37]} {[%emt
00:00:03]} 57. b4 {[%clk 00:28:33]} {[%emt 00:00:06]} Kd5 {[%emt 00:00:44]} 1-0